00631 2200205 4500001002100000005001500021035002000036007000300056008004100059020002200100082001600122084002200138100003200160245005600192250002000248260006200268300003200330650003700362650002600399INLIS00000000000007620250710121429 a0010-0725000076ta250710 a 0 ind  a978-623-472-289-5 a398.209 598 a398.209 598 MUL p0 aMulongo Bukheye, Katetemera1 aPutri Tercinta /cMulongo Bukheye, Ritah Katetemera aCetakan Pertama aJakarta :bBadan Pengembangan dan Pembinaan Bahasa,c2022 a20 hlm. :bilus. ;c22,9 cm 4aCERITA ANAK INDONESIA-TERJEMAHAN 4aLITERASI-BAHAN BACAAN